00473nam a2200121Ia 4500008004100000082001800041100001900059245008100078260002400159365000600183630008100189730008100270100415s9999 xx 000 0 und d b7722a719.676 aHuxley Julian aThe Conservation of Wildlife and Natural Habitats in Central and East Africa aPARISc1961bUNESCO b0 aThe Conservation of Wildlife and Natural Habitats in Central and East Africa aThe Conservation of Wildlife and Natural Habitats in Central and East Africa